| 000 | 00752cam a2200253 4500 | ||
|---|---|---|---|
| 008 | 000000n2001 000 0 eng u | ||
| 020 | _a0406905932 | ||
| 035 | _a(Sirsi) u109821 | ||
| 050 | _a363.31 | ||
| 100 | _aBirkinshaw, P. | ||
| 245 | _aGovernment and information : the law relating to access, disclosure and regulation. | ||
| 250 | _a2nd ed. | ||
| 260 |
_aLondon _bButterworths _c2001 |
||
| 300 | _alxxi, 522p. ; 24cm. | ||
| 350 | _a49.50 | ||
| 650 | _aACCESS TO INFORMATION | ||
| 650 | _aFREEDOM OF INFORMATION ACT 2000 | ||
| 650 | _aINVESTIGATORY POWERS ACT 2000 | ||
| 650 | _aLOCAL GOVERNMENT ACT 2000 | ||
| 650 | _aHUMAN RIGHTS ACT 1998 | ||
| 650 | _aDATA PROTECTION ACT 1998 | ||
| 690 | _aLOCAL GOVERNMENT | ||
| 942 | _n0 | ||
| 999 |
_c100996 _d100996 |
||